000
00283nam a22001097a 4500
008
240923b |||||||| |||| 00| 0 eng d
022
_a
09730052
245
_a
International Journal Of Rural Management
260
_a
New Dehli
_b
Sage Publication
_c
2024
300
_a
Eng
942
_c
SR
_s
1
999
_c
41531
_d
41531